00342nam a2200097Ia 4500008004100000082002100041100001600062245001300078260003000091650012300121211119s9999||||xx |||||||||||||| ||und|| a894.812 3bMUK-P aM Mukudan,  0aPravasam bD c BooksaKottayamc2008 a Literature & rhetoricvLiteratures of other languagesAltaic, Uralic, Hyperborean & Dravidian GeneraliaxGeneral Stack